| 000 | 00722nam a22002057a 4500 | ||
|---|---|---|---|
| 003 | OSt | ||
| 005 | 20260126034924.0 | ||
| 008 | 260126b |||||||| |||| 00| 0 eng d | ||
| 020 | _a0-8053-9162-2. | ||
| 040 |
_aDWCL-Main lib _cOC |
||
| 082 |
_27th edition _aCirc. 615.14 Ol53m 2000 |
||
| 100 | _aOlsen, June Looby | ||
| 245 |
_aMedical dosage calculation _cOlsen, June Looby |
||
| 260 |
_aN. J. : _bPrentice-Hall Health, _cc2000. |
||
| 300 |
_axiii, 350 pages : _bccolored illustration ; _c27 cm. |
||
| 650 | _a1. Pharmaceutical arithmetic-Problems, exercises, etc. | ||
| 650 | _a2. Pharmaceutical arithmetic-Problems, exercises, etc. | ||
| 700 | _aGiangraso, Anthony Patrick | ||
| 942 |
_2ddc _cBK-CIRC _e7th ed. _kCirc. _n0 |
||
| 999 |
_c7788 _d7788 |
||